[Event "FICGS rapid E 000200 email"]
[Site "FICGS email"]
[Date "2018.01.28"]
[Round "1"]
[White "Bromo, Alexis"]
[Black "MacGregor, Steven"]
[Result "0-1"]
[WhiteElo "1074"]
[BlackElo "1140"]
[PlyCount "54"]
[EventDate "2018.??.??"]
[EventType "tourn (rapid)"]
[EventRounds "6"]
[SourceTitle "Corr 2022"]
[Source "ChessBase"]
[SourceDate "2021.10.24"]
[SourceVersion "1"]
[SourceVersionDate "2021.10.24"]
[SourceQuality "1"]

1. d4 Nf6 2. c4 c5 3. Nc3 cxd4 4. Qxd4 Nc6 5. Qd1 g6 6. Nf3 Bg7 7. e4 d6 8. e5 dxe5 9. Qxd8+ Kxd8 10. Bg5 Be6 11. Rd1+ Ke8 12. a3 h6 13. Bxf6 exf6 14. Nb5 Ke7 15. Be2 Rac8 16. b4 f5 17. 0-0 e4 18. Nfd4 Nxd4 19. Nxd4 Bxc4 20. Bxc4 Rxc4 21. Nb5 Be5 22. Nxa7 Bb2 23. Nb5 Ra8 24. Rd2 Bxa3 25. Nxa3 Rxa3 26. Rb1 Rxb4 27. Rdb2 Rxb2 0-1

[Event "FICGS rapid E 000200 email"]
[Site "FICGS email"]
[Date "2018.01.28"]
[Round "1"]
[White "De la Foret, Fred"]
[Black "MacGregor, Steven"]
[Result "1-0"]
[WhiteElo "1284"]
[BlackElo "1140"]
[PlyCount "37"]
[EventDate "2018.??.??"]
[EventType "tourn (rapid)"]
[EventRounds "6"]
[SourceTitle "Corr 2022"]
[Source "ChessBase"]
[SourceDate "2021.10.24"]
[SourceVersion "1"]
[SourceVersionDate "2021.10.24"]
[SourceQuality "1"]

1. e4 e6 2. Nf3 d5 3. Nc3 dxe4 4. Nxe4 Nd7 5. d4 Ngf6 6. Bd3 Nxe4 7. Bxe4 Nf6 8. Bd3 c5 9. Be3 cxd4 10. Bxd4 Be7 11. 0-0 0-0 12. c3 b6 13. Qc2 h6 14. Rad1 Qc7 15. Be5 Qc5 16. b4 Qc6 17. Bxf6 Bxf6 18. Bh7+ Kh8 19. Be4 1-0

[Event "FICGS rapid E 000198 email"]
[Site "FICGS email"]
[Date "2018.01.15"]
[Round "1"]
[White "Leurette, Marc Antoine"]
[Black "MacGregor, Steven"]
[Result "1-0"]
[WhiteElo "1083"]
[BlackElo "1140"]
[PlyCount "105"]
[EventDate "2018.??.??"]
[EventType "tourn (rapid)"]
[EventRounds "6"]
[SourceTitle "Corr 2022"]
[Source "ChessBase"]
[SourceDate "2021.10.24"]
[SourceVersion "1"]
[SourceVersionDate "2021.10.24"]
[SourceQuality "1"]

1. e4 e6 2. d4 d5 3. exd5 Qxd5 4. Nc3 Bb4 5. Nge2 c5 6. a3 cxd4 7. Nxd4 Bxc3+ 8. bxc3 Nf6 9. Qf3 0-0 10. Bd3 e5 11. Qxd5 Nxd5 12. Ne2 Re8 13. 0-0 Nc6 14. Bb5 Bd7 15. c4 Nf6 16. a4 a6 17. Bxc6 Bxc6 18. a5 Rac8 19. Ba3 Be4 20. c5 Bxc2 21. Rac1 Bd3 22. Rfe1 Bxe2 23. Rxe2 Re6 24. f3 Nd5 25. g3 Nc7 26. h4 Nb5 27. Bb4 Nd4 28. Re3 Nf5 29. Ree1 Nxg3 30. Rc4 Nf5 31. Kg2 Ne7 32. Kg3 Nc6 33. Rec1 Nxb4 34. Rxb4 Rc7 35. Rcc4 Rec6 36. Kg4 Kf8 37. Kf5 f6 38. h5 Ke7 39. Ke4 Ke6 40. Rb3 f5+ 41. Ke3 Kd5 42. Rcc3 Rxc5 43. Rd3+ Ke6 44. Rb6+ R5c6 45. Rc3 Ke7 46. Rcxc6 Rxc6 47. Rxb7+ Kf6 48. Rb6 Re6 49. Kd3 g6 50. hxg6 hxg6 51. Kc4 Ke7 52. Kd5 Rf6 53. Kxe5 1-0

[Event "FICGS rapid E 000198 email"]
[Site "FICGS email"]
[Date "2018.01.15"]
[Round "1"]
[White "Stephen, Zack"]
[Black "MacGregor, Steven"]
[Result "1-0"]
[WhiteElo "1406"]
[BlackElo "1140"]
[PlyCount "45"]
[EventDate "2018.??.??"]
[EventType "tourn (rapid)"]
[EventRounds "6"]
[SourceTitle "Corr 2022"]
[Source "ChessBase"]
[SourceDate "2021.10.24"]
[SourceVersion "1"]
[SourceVersionDate "2021.10.24"]
[SourceQuality "1"]

1. d4 Nf6 2. c4 c5 3. d5 b5 4. cxb5 a6 5. bxa6 Bxa6 6. Nc3 g6 7. f4 Bg7 8. Nf3 d6 9. e4 Bxf1 10. Rxf1 0-0 11. Kf2 Qb6 12. Kg1 Nbd7 13. Kh1 c4 14. Qe2 Rfc8 15. e5 dxe5 16. fxe5 Ne8 17. Bf4 Nc5 18. Be3 Rab8 19. Na4 Qa5 20. Nxc5 Rxc5 21. Bxc5 Qxc5 22. Rad1 Qb4 23. Ng5 1-0

[Event "FICGS rapid D 000090 email"]
[Site "FICGS email"]
[Date "2015.04.06"]
[Round "1"]
[White "MacGregor, Steven"]
[Black "Giandomenico, Alfonso"]
[Result "0-1"]
[WhiteElo "1492"]
[BlackElo "1447"]
[PlyCount "40"]
[EventDate "2015.??.??"]
[EventType "tourn (rapid)"]
[EventRounds "5"]
[SourceTitle "Corr 2022"]
[Source "ChessBase"]
[SourceDate "2021.10.24"]
[SourceVersion "1"]
[SourceVersionDate "2021.10.24"]
[SourceQuality "1"]

1. d4 c5 2. d5 d6 3. c4 b5 4. e4 bxc4 5. Bxc4 g6 6. Nf3 Bg7 7. 0-0 Bg4 8. Qb3 Nd7 9. Nbd2 Ngf6 10. e5 Nxe5 11. Nxe5 dxe5 12. d6 0-0 13. dxe7 Qxe7 14. Qe3 Rfd8 15. Nb3 Rac8 16. Re1 Nd5 17. Qe4 Bf5 18. Qe2 Nb4 19. Bf4 Nc2 20. Bxe5 Nxa1 0-1

[Event "IECC KO-3034"]
[Site "IECC email"]
[Date "2003.11.20"]
[Round "?"]
[White "Leenders, Chris"]
[Black "MacGregor, Steven"]
[Result "1-0"]
[WhiteElo "1779"]
[BlackElo "1837"]
[PlyCount "77"]
[EventDate "2003.??.??"]
[EventType "match (corr)"]
[EventRounds "2"]
[SourceTitle "Corr 2020"]
[Source "ChessBase"]
[SourceDate "2019.09.30"]
[SourceVersion "1"]
[SourceVersionDate "2019.09.30"]
[SourceQuality "1"]
[WhiteTeam "NLD"]
[BlackTeam "Scotland"]
[BlackTeamCountry "SCO"]

1. e4 c5 2. Nf3 d6 3. d4 cxd4 4. Nxd4 Nf6 5. Nc3 a6 6. Be2 e6 7. 0-0 Be7 8. a4 0-0 9. f4 Qc7 10. Be3 b6 11. Bf3 Bb7 12. Qe2 Nbd7 13. Rad1 Nc5 14. Bc1 Rfd8 15. f5 e5 16. Nb3 Nxb3 17. cxb3 Rd7 18. Be3 Bc6 19. Bf2 Qb7 20. Rc1 b5 21. Rfd1 bxa4 22. bxa4 Qb3 23. Ra1 Rb7 24. Rdc1 Bd7 25. Rc2 Rb4 26. Ra3 Qc4 27. Qd2 Rc8 28. Be2 Qc6 29. Bd3 Qb7 30. Qe2 Ra8 31. Ra1 Bc6 32. Rac1 Bd8 33. Be1 Bxa4 34. Nxa4 Rxa4 35. b4 Ne8 36. Bc4 Nc7 37. Qd3 Qb6+ 38. Kh1 Qxb4 39. Bxb4 1-0

[Event "IECG QC.2003.0.00046 email"]
[Site "IECG email"]
[Date "2003.11.15"]
[Round "?"]
[White "Recio, Luis"]
[Black "MacGregor, Steven"]
[Result "1-0"]
[WhiteElo "1700"]
[BlackElo "1600"]
[PlyCount "37"]
[EventDate "2003.11.15"]
[EventType "tourn (corr)"]
[EventRounds "6"]
[SourceTitle "Corr 2024"]
[Source "ChessBase"]
[SourceDate "2023.10.19"]
[SourceVersion "1"]
[SourceVersionDate "2023.10.19"]
[SourceQuality "1"]

1. d4 Nf6 2. c4 c5 3. d5 e6 4. Nc3 exd5 5. cxd5 d6 6. Nf3 Qa5 7. Bd2 b5 8. a3 a6 9. Ne4 Qd8 10. Nxf6+ Qxf6 11. Bc3 Qe7 12. g3 Nd7 13. Bg2 Bb7 14. 0-0 0-0-0 15. b4 c4 16. Nd4 Nb6 17. Nf5 Qg5 18. e4 Rg8 19. h4 1-0

[Event "IECG QC.2003.0.00046 email"]
[Site "IECG email"]
[Date "2003.11.15"]
[Round "?"]
[White "Wong, Kok Lian"]
[Black "MacGregor, Steven"]
[Result "1-0"]
[WhiteElo "1700"]
[BlackElo "1600"]
[PlyCount "27"]
[EventDate "2003.11.15"]
[EventType "tourn (corr)"]
[EventRounds "6"]
[SourceTitle "Corr 2024"]
[Source "ChessBase"]
[SourceDate "2023.10.19"]
[SourceVersion "1"]
[SourceVersionDate "2023.10.19"]
[SourceQuality "1"]

1. d4 Nf6 2. c4 c5 3. d5 e6 4. Nc3 exd5 5. cxd5 d6 6. e4 g6 7. Nf3 Bg7 8. Bd3 0-0 9. h3 a6 10. a4 Nfd7 11. Bg5 Qb6 12. a5 Qxb2 13. Na4 Qxa1 14. Qxa1 1-0